000 nam a22 a 4500
999 _c163416
_d163416
003 BLK
005 20220427131300.0
008 220427b bul|||||r ||||||| ||bul||
040 _aBLK
041 _aBUL
_cBUL
080 _aКуклен театър. Марионетен театър. Вж и 791.5
_b792.97
_x(075.8)
_z792.97(075.8)
080 _aРоли и образи. Актьорско майсторство:техника на изпълнение на ролята, интерпретация на ролята или отд. сцени. Амплоа. Сценична реч. Сценичен бой
_b792.028
_z792.028
100 _aСавинова-Семова, Анастасия Иванова
_eпърви автор
_91299
139 _aСавинова-Семова, Анастасия Иванова
_bС 13
245 1 0 _aОснови на сценическата пластика на актьора в кукления театър
_bУчебник за студентите от ВИТИЗ Кр. Сарафов
_cАнастасия Савинова-Семова
257 _aBGR
260 _aСофия
_bНаука и изкуство
_c1982
_fПлевен : Ал. Пъшев
300 _a156 с.
_bс ил.
_c22 см
380 _a7
504 _aБиблиогр. с.153-154
650 4 _aТеатър - теория
_9268897
650 4 _aАктьорско майсторство
_9257274
653 _aактьорско майсторство
653 _aкуклен театър
653 _aсценична пластика
852 _aЦб 117235
_bЦб
942 _cKNG
_n0
_s1
944 _aCR
_c06.02.2015
_l06.02.2015 - от С1,Р / 06.02.2015
_kИрена_Линкова
944 _aED
_c2022-04-27
_kГГГ